| 000 | 00551nam a22001937a 4500 | ||
|---|---|---|---|
| 003 | Ost | ||
| 005 | 20240508145717.0 | ||
| 008 | 240415b |||||||| |||| 00| 0 eng d | ||
| 020 | _a9781260031317 | ||
| 040 | _cBT-PhCST | ||
| 050 | _a24827-24828 | ||
| 082 |
_222 _a005.262 _bNOR |
||
| 100 | _aNorris, Donald. | ||
| 245 |
_aProgramming with stm32 : _bgetting started with the nucleo board and c/c ++ / |
||
| 260 |
_aLondon : _bMc Graw Hill Education, _cc2018 |
||
| 300 |
_axiii, 290 p. _bill. ; _c23 cm. |
||
| 500 | _aIncludes index. | ||
| 942 |
_2ddc _cECE |
||
| 999 |
_c9718 _d9718 |
||